Surveillance system in control of dengue vector at Petaling District of Selangor State /
Saved in:
| 主要作者: | |
|---|---|
| 格式: | Thesis 图书 |
| 语言: | English |
| 出版: |
2002.
|
| 标签: |
添加标签
没有标签, 成为第一个标记此记录!
|
| LEADER | 00800cam a2200205 a 4500 | ||
|---|---|---|---|
| 001 | u515587 | ||
| 003 | SIRSI | ||
| 008 | 920910s2002 my t 00 1 eng | ||
| 035 | |a ACY-8226 | ||
| 040 | |a UMP | ||
| 096 | |a WA20.5 |b UM 2002 Elm | ||
| 100 | 1 | 0 | |a Elmsaad, Yousif Mohammed Ahmed. |
| 245 | 1 | 0 | |a Surveillance system in control of dengue vector at Petaling District of Selangor State / |c Yousif Mohammed Ahmed Elmsaad. |
| 260 | |c 2002. | ||
| 300 | |a v, 134 leaves : |b ill. (part col.) ; |c 30 cm. | ||
| 502 | |a Dissertation (M.P.H.) -- Department of Social dan Preventive Medicine, Faculty of Medicine, University of Malaya, 2002. | ||
| 504 | |a Bibliography: leaves 63-64. | ||
| 948 | |a 09/08/2003 |b 31/10/2003 | ||
| 596 | |a 2 | ||
| 999 | |a WA20.5 UM 2002 ELM |w NLM |c 1 |i A503047205 |l STACKS |m P02MEDKL |r Y |s Y |t TESIS |u 14/11/2003 | ||
